Provincias españolas con el mayor porcentaje de africanos - Estadísticas

Estadísticas generales
  • Esta prueba ha sido intentada 36 veces
  • La puntuación promedio es 7 de 10
Estadísticas de respuestas
% Provincia % Correcto
11,26 Almería
91%
6,00 Tarragona
88%
7,34 Gerona
84%
6,99 Murcia
84%
3,61 Alicante
78%
8,18 Lérida
78%
4,06 Huelva
75%
4,00 Huesca
59%
4,31 Teruel
53%
3,73 Álava
50%
No se encontraron pruebas coincidentes
Distribución de puntuación
Porcentaje de gente con cada puntuación
Porcentaje por número respondido
Historial de tus puntuaciones
No has intentado esta prueba.